000
00315nam a22001337a 4500
008
180126b xxu||||| |||| 00| 0 eng d
020
_a
0529048523
041
_a
eng
080
_2
2nd.
_a
038
100
_a
39
101
_a
FJA
245
_a
Webster's New Twentieth Century Dictionary
_c
Webster, N
942
_2
udc
_c
BK
999
_c
41006
_d
41006